[Event "Fredericia Chess 2023 IM"]
[Site "Fredericia"]
[Date "2023.05.17"]
[Round "1.1"]
[White "Fries Nielsen, Jens Ove"]
[Black "Kistrup, Nicolai"]
[Result "1/2-1/2"]
[WhiteElo "2377"]
[BlackElo "2319"]
[PlyCount "45"]
[EventDate "2023.05.17"]
[EventType "tourn"]
[EventRounds "9"]
[EventCountry "DEN"]
[SourceTitle "Live"]

1. d4 Nf6 2. Nf3 d5 3. e3 c5 4. Bb5+ Bd7 5. a4 e6 6. O-O Bd6 7. b3 O-O 8. Bb2
Nc6 9. Nbd2 Qc7 10. dxc5 Bxc5 11. Bxf6 gxf6 12. e4 dxe4 13. Nxe4 Be7 14. Qd2 f5
15. Ng3 Ne5 16. Nxe5 Bxb5 17. Rfe1 Be8 18. Qh6 Kh8 19. Nh5 Rg8 20. Nf6 Rg7 21.
Nh5 Rg8 22. Nf6 Rg7 23. Nh5 1/2-1/2

[Event "Fredericia Chess 2023 IM"]
[Site "Fredericia"]
[Date "2023.05.17"]
[Round "1.2"]
[White "Nielsen, Viktor Haarmark"]
[Black "Van Foreest, Machteld"]
[Result "1-0"]
[WhiteElo "2328"]
[BlackElo "2299"]
[PlyCount "89"]
[EventDate "2023.05.17"]
[EventType "tourn"]
[EventRounds "9"]
[EventCountry "DEN"]
[SourceTitle "Live"]

1. d4 Nf6 2. c4 e6 3. g3 d5 4. Nf3 dxc4 5. Bg2 a6 6. O-O Nc6 7. Qd2 Rb8 8. Ne5
Nxe5 9. dxe5 Qxd2 10. Nxd2 c3 11. bxc3 Nd7 12. Nc4 Bc5 13. Rd1 h6 14. a4 Nb6
15. Na5 O-O 16. Nb3 Be7 17. Be3 Nc4 18. Ba7 Ra8 19. Bd4 Rb8 20. Nd2 Na5 21.
Rdb1 Bd7 22. Nb3 Nc6 23. Bc5 Rfe8 24. Bxe7 Rxe7 25. Nc5 Be8 26. f4 Na5 27. Nxa6
Ra8 28. Nc5 c6 29. Rb4 Rc7 30. Rd1 Kf8 31. g4 g6 32. e4 Ke7 33. f5 gxf5 34.
exf5 exf5 35. gxf5 b6 36. Rxb6 Nc4 37. f6+ Kf8 38. Rb4 Nxe5 39. Re1 Ng6 40. h4
Kg8 41. Bh3 h5 42. Rbe4 Kf8 43. a5 Rd8 44. a6 Ra7 45. Rxe8+ 1-0

[Event "Fredericia Chess 2023 IM"]
[Site "Fredericia"]
[Date "2023.05.17"]
[Round "1.3"]
[White "Toktomushev, Teimur"]
[Black "Brynell, Stellan"]
[Result "0-1"]
[WhiteElo "2239"]
[BlackElo "2403"]
[PlyCount "72"]
[EventDate "2023.05.17"]
[EventType "tourn"]
[EventRounds "9"]
[EventCountry "DEN"]
[SourceTitle "Live"]

1. d4 e6 2. c4 Nf6 3. Nf3 c5 4. d5 d6 5. Nc3 exd5 6. cxd5 g6 7. Nd2 Bg7 8. e4
O-O 9. Be2 Na6 10. O-O Nc7 11. a4 Re8 12. Re1 Rb8 13. Qc2 b6 14. Nc4 Ba6 15.
Bg5 Qd7 16. Rad1 h6 17. Bh4 g5 18. Bg3 Bxc4 19. Bxc4 Nh5 20. e5 Nxg3 21. e6 Qe7
22. fxg3 fxe6 23. dxe6 Rf8 24. Nd5 Nxd5 25. Bxd5 Rf6 26. Rf1 Rbf8 27. Rf3 Kh8
28. h3 Rxf3 29. gxf3 Be5 30. Kg2 Qf6 31. b3 h5 32. Qe4 h4 33. gxh4 gxh4 34. Qg4
Qe7 35. Qh5+ Qh7 36. e7 Rg8+ 0-1

[Event "Fredericia Chess 2023 IM"]
[Site "Fredericia"]
[Date "2023.05.17"]
[Round "1.4"]
[White "Loftgaard, Mikkel Vinh"]
[Black "Ramsdal, Jens Albert"]
[Result "0-1"]
[WhiteElo "2258"]
[BlackElo "2366"]
[PlyCount "76"]
[EventDate "2023.05.17"]
[EventType "tourn"]
[EventRounds "9"]
[EventCountry "DEN"]
[SourceTitle "Live"]

1. e4 c5 2. Nf3 d6 3. Bb5+ Bd7 4. Bxd7+ Nxd7 5. O-O Ngf6 6. Re1 e6 7. c3 Be7 8.
d4 O-O 9. Bg5 h6 10. Bh4 cxd4 11. cxd4 b5 12. Nbd2 Nb6 13. Qe2 a6 14. Rac1 Rc8
15. h3 Qd7 16. b3 Rxc1 17. Rxc1 Rc8 18. Qd1 Rc7 19. Rc2 Qc8 20. Ne1 e5 21. Bxf6
Bxf6 22. d5 Bg5 23. Ndf3 Bd8 24. Rxc7 Qxc7 25. Qc2 f5 26. exf5 Qxc2 27. Nxc2
Nxd5 28. Nd2 Nc3 29. Nb4 Ba5 30. Nxa6 Nxa2 31. Nb1 Kf7 32. g4 Nb4 33. Nxb4 Bxb4
34. Kf1 Kf6 35. h4 e4 36. Kg2 d5 37. f4 h5 38. Kg3 d4 0-1

[Event "Fredericia Chess 2023 IM"]
[Site "Fredericia"]
[Date "2023.05.17"]
[Round "1.5"]
[White "Larkin, Vladislav"]
[Black "Nilssen, Ellen Fredericia"]
[Result "1-0"]
[WhiteElo "2468"]
[BlackElo "2114"]
[PlyCount "121"]
[EventDate "2023.05.17"]
[EventType "tourn"]
[EventRounds "9"]
[EventCountry "DEN"]
[SourceTitle "Live"]

1. d4 Nf6 2. Bf4 d5 3. e3 c5 4. c3 Nc6 5. Nd2 e6 6. Ngf3 Bd6 7. Bg3 O-O 8. Bb5
Ne7 9. Bd3 Nf5 10. Ne5 Qc7 11. Qb1 Nh5 12. Nef3 Nf6 13. dxc5 Qxc5 14. Nb3 Qb6
15. Bxf5 exf5 16. Nbd4 f4 17. exf4 Re8+ 18. Ne5 Ne4 19. f3 Bxe5 20. fxe5 Nxg3
21. hxg3 Rxe5+ 22. Kf1 h6 23. Qc2 Bd7 24. Kf2 Rae8 25. Rhe1 Qd6 26. Rxe5 Qxe5
27. Qd2 h5 28. Qf4 f6 29. Rd1 h4 30. Qxe5 fxe5 31. Nc2 hxg3+ 32. Kxg3 Bc6 33.
Nb4 Rd8 34. Kg4 g6 35. Nd3 Re8 36. Re1 e4 37. Nb4 Kg7 38. fxe4 Bd7+ 39. Kf4
Rf8+ 40. Kg3 dxe4 41. Rxe4 Rf7 42. Re3 Kh6 43. Nd3 Bf5 44. Ne5 Rc7 45. Kf4 Bb1
46. a3 Bc2 47. Ng4+ Kg7 48. Kg5 Bf5 49. Nf6 Kf7 50. Re5 Rc6 51. Nd5 Rc5 52. b4
Rc4 53. Re7+ Kf8 54. Rxb7 Be4 55. Kf6 Rc6+ 56. Ke5 Bxg2 57. Nf4 Bf3 58. Rxa7
Ke8 59. c4 g5 60. Ne6 g4 61. Kf6 1-0

[Event "Fredericia Chess 2023 IM"]
[Site "Fredericia"]
[Date "2023.05.18"]
[Round "2.1"]
[White "Fries Nielsen, Jens Ove"]
[Black "Nielsen, Viktor Haarmark"]
[Result "1/2-1/2"]
[WhiteElo "2377"]
[BlackElo "2328"]
[PlyCount "99"]
[EventDate "2023.05.17"]
[EventType "tourn"]
[EventRounds "9"]
[EventCountry "DEN"]
[SourceTitle "Live"]

1. e3 Nf6 2. g4 h6 3. f4 d5 4. h3 e6 5. Nf3 b6 6. Bg2 Bb7 7. d3 Nbd7 8. Nc3 Bd6
9. Qe2 a6 10. Bd2 Qe7 11. a3 O-O-O 12. b4 e5 13. fxe5 Nxe5 14. Nd4 Qd7 15. Rf1
Kb8 16. b5 axb5 17. Ncxb5 Bc5 18. Qf2 Rhe8 19. Kd1 Ba6 20. a4 c6 21. Nc3 Kb7
22. Rb1 Nxd3 23. cxd3 Bxd3 24. Rb3 Bc4 25. Rb2 Bxf1 26. Bxf1 Ra8 27. a5 Bxd4
28. a6+ Ka7 29. exd4 Re6 30. Bd3 Ne4 31. Nxe4 dxe4 32. Bc4 Rf6 33. Qg1 Rd8 34.
Be3 Rd6 35. d5 Rxd5+ 36. Bxd5 Qxd5+ 37. Kc1 c5 38. Qf1 Rd7 39. Rd2 Qe6 40.
Rxd7+ Qxd7 41. Qc4 f5 42. gxf5 Qxf5 43. h4 Qf3 44. Kd2 g5 45. hxg5 hxg5 46. Qd5
Kxa6 47. Qa2+ Kb7 48. Qd5+ Ka6 49. Qa2+ Kb7 50. Qd5+ 1/2-1/2

[Event "Fredericia Chess 2023 IM"]
[Site "Fredericia"]
[Date "2023.05.18"]
[Round "2.2"]
[White "Ramsdal, Jens Albert"]
[Black "Larkin, Vladislav"]
[Result "1/2-1/2"]
[WhiteElo "2366"]
[BlackElo "2468"]
[PlyCount "248"]
[EventDate "2023.05.17"]
[EventType "tourn"]
[EventRounds "9"]
[EventCountry "DEN"]
[SourceTitle "Live"]

1. e4 c5 2. Nf3 e6 3. d4 cxd4 4. Nxd4 a6 5. Bd3 Qc7 6. O-O Nf6 7. Qe2 Bd6 8.
Kh1 Nc6 9. Nxc6 dxc6 10. f4 e5 11. Nd2 b5 12. Nf3 Bg4 13. a4 Rb8 14. f5 h6 15.
Qe1 Bxf3 16. Rxf3 c5 17. axb5 c4 18. b6 Rxb6 19. Bxc4 Qxc4 20. Rc3 Qb5 21. Rc8+
Ke7 22. Rxh8 Rc6 23. Bd2 Rxc2 24. Ba5 Re2 25. Qc1 Nxe4 26. Bd8+ Kd7 27. Bh4 Bc7
28. Qd1+ Rd2 29. Qg4 Nf6 30. Bxf6 gxf6 31. Qg8 Qc4 32. Qc8+ Kc6 33. Rxh6 Kd5
34. Qb7+ Kd6 35. b3 Qc3 36. Qxa6+ Kd7 37. Qb5+ Ke7 38. Rg1 Qd4 39. Qc4 Qxc4 40.
bxc4 Rc2 41. Rh4 Bb6 42. Rb1 Bd4 43. Rg4 Rf2 44. Rb7+ Kf8 45. h4 Rxf5 46. Kh2
Rf1 47. h5 Bg1+ 48. Kh3 f5 49. Rb8+ Ke7 50. Rgg8 Be3 51. g4 fxg4+ 52. Kxg4 Rf4+
53. Kg3 Rxc4 54. Rb7+ Kf6 55. h6 Bf4+ 56. Kh3 Rc3+ 57. Kg2 Rc2+ 58. Kf3 Rh2 59.
Rg7 Bxh6 60. Rbxf7+ Ke6 61. Re7+ Kd6 62. Rd7+ Ke6 63. Rge7+ Kf5 64. Rf7+ Kg6
65. Ra7 Rh1 66. Ke4 Re1+ 67. Kd5 Bg5 68. Ke6 Rb1 69. Rg7+ Kh5 70. Rg8 e4 71.
Ra2 Rg1 72. Kf5 Rf1+ 73. Kxe4 Re1+ 74. Kf3 Re3+ 75. Kf2 Re5 76. Ra4 Rb5 77. Ke2
Rb2+ 78. Kf3 Rb3+ 79. Ke4 Rb5 80. Ra1 Rb4+ 81. Kd5 Rb5+ 82. Kc4 Re5 83. Rg1 Ra5
84. Rg2 Re5 85. Ra2 Kg4 86. Kd4 Rb5 87. Rg2+ Kh5 88. Ra8 Kg6 89. Ra6+ Kf5 90.
Raa2 Rb4+ 91. Kc3 Rb5 92. Kc4 Re5 93. Raf2+ Kg6 94. Rf3 Ra5 95. Rb3 Ra4+ 96.
Kd3 Ra5 97. Ke4 Ra4+ 98. Kf3 Ra5 99. Rb6+ Kf5 100. Rb3 Bf6 101. Rg4 Be5 102.
Rg8 Bf6 103. Rf8 Kg5 104. Rb4 Rf5+ 105. Kg2 Ra5 106. Rc4 Rb5 107. Re8 Kf5 108.
Re3 Be5 109. Rf3+ Ke6 110. Rc6+ Kd5 111. Ra6 Ke4 112. Rf2 Bd4 113. Ra4 Rg5+
114. Kf1 Kd3 115. Rf3+ Ke4 116. Rh3 Rg1+ 117. Ke2 Rg2+ 118. Kd1 Rg1+ 119. Kc2
Rg2+ 120. Kb3 Rb2+ 121. Ka3 Rd2 122. Rh4+ Kd5 123. Raxd4+ Rxd4 124. Rxd4+ Kxd4
1/2-1/2

[Event "Fredericia Chess 2023 IM"]
[Site "Fredericia"]
[Date "2023.05.18"]
[Round "2.3"]
[White "Brynell, Stellan"]
[Black "Loftgaard, Mikkel Vinh"]
[Result "1-0"]
[WhiteElo "2403"]
[BlackElo "2258"]
[PlyCount "85"]
[EventDate "2023.05.17"]
[EventType "tourn"]
[EventRounds "9"]
[EventCountry "DEN"]
[SourceTitle "Live"]

1. d4 Nf6 2. Nf3 d5 3. c4 e6 4. g3 Bb4+ 5. Bd2 Be7 6. Bg2 O-O 7. O-O Nbd7 8.
Qc2 b6 9. cxd5 exd5 10. Nc3 Bb7 11. Rac1 Re8 12. Rfd1 c6 13. a3 Bd6 14. Bf4 Bf8
15. h3 a5 16. Re1 b5 17. Rcd1 Nb6 18. Ne5 Qc8 19. a4 b4 20. Nb1 Nfd7 21. Nxd7
Qxd7 22. Nd2 Ba6 23. Nf3 f6 24. b3 Re6 25. h4 Re4 26. Rc1 Bb7 27. Qd2 Bd6 28.
Bxd6 Qxd6 29. Nh2 Re7 30. Qf4 Qxf4 31. gxf4 f5 32. Nf3 Nd7 33. e3 h6 34. Bf1
Kf7 35. Bd3 Ke6 36. Kf1 Rf7 37. Ke2 Kd6 38. Rg1 Kc7 39. Rg6 Nf8 40. Rg2 Nd7 41.
Rcg1 Rg8 42. Rg6 c5 43. dxc5 1-0

[Event "Fredericia Chess 2023 IM"]
[Site "Fredericia"]
[Date "2023.05.18"]
[Round "2.4"]
[White "Kistrup, Nicolai"]
[Black "Nilssen, Ellen Fredericia"]
[Result "1-0"]
[WhiteElo "2319"]
[BlackElo "2114"]
[PlyCount "85"]
[EventDate "2023.05.17"]
[EventType "tourn"]
[EventRounds "9"]
[EventCountry "DEN"]
[SourceTitle "Live"]

1. d4 Nf6 2. c4 e6 3. Nf3 d5 4. g3 dxc4 5. Bg2 c5 6. Qa4+ Nbd7 7. dxc5 Bxc5 8.
Qxc4 a6 9. Qc2 b5 10. Ne5 Nd5 11. Nxd7 Bb4+ 12. Bd2 Bxd2+ 13. Qxd2 Qxd7 14. Nc3
Bb7 15. Rd1 Rd8 16. Qg5 f6 17. Qg4 f5 18. Qh3 O-O 19. e4 fxe4 20. Nxe4 Qe7 21.
O-O Bc8 22. Qh5 Nf6 23. Qe5 Ng4 24. Qc3 Bb7 25. Rxd8 Qxd8 26. h3 Bxe4 27. Bxe4
Nf6 28. Bg2 Qb6 29. Rc1 Nd5 30. Qc5 Qb7 31. Re1 Rc8 32. Qd6 Qf7 33. Qxe6 Qxe6
34. Rxe6 Rc1+ 35. Kh2 Nb4 36. a3 Nd3 37. Rxa6 Nxb2 38. Rb6 Rc5 39. Bf1 Nc4 40.
Rxb5 Rc7 41. a4 Nd2 42. Bg2 Rc1 43. Rb2 1-0

[Event "Fredericia Chess 2023 IM"]
[Site "Fredericia"]
[Date "2023.05.18"]
[Round "2.5"]
[White "Van Foreest, Machteld"]
[Black "Toktomushev, Teimur"]
[Result "1/2-1/2"]
[WhiteElo "2299"]
[BlackElo "2239"]
[PlyCount "88"]
[EventDate "2023.05.17"]
[EventType "tourn"]
[EventRounds "9"]
[EventCountry "DEN"]
[SourceTitle "Live"]

1. e4 c5 2. Nf3 e6 3. d4 cxd4 4. Nxd4 a6 5. Bd3 Bc5 6. Nb3 Ba7 7. Qe2 Ne7 8.
Be3 O-O 9. Nc3 Nbc6 10. O-O d6 11. Rad1 b5 12. f4 Qc7 13. Kh1 b4 14. Nb1 a5 15.
Bxa7 Qxa7 16. a4 bxa3 17. Nxa3 a4 18. Nd2 Rb8 19. Nb5 Qc5 20. Nf3 Ba6 21. c4
Nb4 22. Bb1 Rxb5 23. cxb5 Bxb5 24. Qd2 Bxf1 25. Rxf1 Nbc6 26. Rd1 Rb8 27. f5
Qb4 28. Qd3 Qb3 29. Qxd6 h6 30. Rf1 Rd8 31. Qf4 Rd1 32. Nd2 Rxf1+ 33. Qxf1 Qxb2
34. Nc4 Qb4 35. fxe6 fxe6 36. h3 Na5 37. Ne5 Qb2 38. Nd7 a3 39. e5 Nf5 40. Bxf5
exf5 41. Qxf5 a2 42. Qe6+ Kh7 43. Qf5+ Kg8 44. Qe6+ Kh7 1/2-1/2

[Event "Fredericia Chess 2023 IM"]
[Site "Fredericia"]
[Date "2023.05.18"]
[Round "3.1"]
[White "Toktomushev, Teimur"]
[Black "Fries Nielsen, Jens Ove"]
[Result "0-1"]
[WhiteElo "2239"]
[BlackElo "2377"]
[PlyCount "72"]
[EventDate "2023.05.17"]
[EventType "tourn"]
[EventRounds "9"]
[EventCountry "DEN"]
[SourceTitle "Live"]

1. d4 e6 2. c4 Ne7 3. Nc3 g6 4. h4 h6 5. e4 d6 6. h5 g5 7. f4 gxf4 8. Bxf4 Nd7
9. Nf3 Bg7 10. e5 dxe5 11. dxe5 Nc6 12. Qe2 Qe7 13. Rh3 b6 14. Rg3 Bf8 15. Nb5
Nc5 16. O-O-O Bb7 17. Rg4 a6 18. Nc3 Rd8 19. Bg3 Rxd1+ 20. Qxd1 Qd7 21. Nd4 Be7
22. Be2 Bg5+ 23. Kb1 Be3 24. Nxc6 Bxc6 25. Qf1 Qd2 26. Bf4 Ne4 27. Nxe4 Bxe4+
28. Ka1 Bxf4 29. Rxf4 Bxg2 30. Rd4 Qxd4 31. Qxg2 Qxe5 32. c5 bxc5 33. a3 a5 34.
Bb5+ Ke7 35. Qb7 Rd8 36. Bc6 c4 0-1

[Event "Fredericia Chess 2023 IM"]
[Site "Fredericia"]
[Date "2023.05.18"]
[Round "3.2"]
[White "Nielsen, Viktor Haarmark"]
[Black "Kistrup, Nicolai"]
[Result "0-1"]
[WhiteElo "2328"]
[BlackElo "2319"]
[PlyCount "104"]
[EventDate "2023.05.17"]
[EventType "tourn"]
[EventRounds "9"]
[EventCountry "DEN"]
[SourceTitle "Live"]

1. Nf3 d5 2. g3 Nf6 3. Bg2 g6 4. O-O Bg7 5. d4 O-O 6. c4 c6 7. cxd5 cxd5 8. Nc3
Bf5 9. Qb3 Qb6 10. Qxb6 axb6 11. Bg5 Rd8 12. Rfd1 Nc6 13. Ne5 Kf8 14. Bxf6 Bxf6
15. Nf3 h5 16. e3 e6 17. h4 Ke7 18. Kh2 Ra5 19. Nd2 Nb4 20. Nb3 Raa8 21. Rd2
Rdc8 22. Bf1 Nc6 23. Bd3 Na5 24. Nxa5 Bxd3 25. Rxd3 bxa5 26. Rc1 Rc4 27. Rdd1
Rac8 28. Ne2 b5 29. Rxc4 bxc4 30. Nc3 Rb8 31. Rd2 Kd7 32. Kg2 Be7 33. Rc2 Bb4
34. Ne2 a4 35. a3 Ba5 36. Kf3 Rb3 37. Nc1 c3 38. bxc3 Rxa3 39. Ra2 Rxa2 40.
Nxa2 Kc6 41. Ke2 Kb5 42. Kd3 f6 43. f4 Bd8 44. Nc1 g5 45. fxg5 fxg5 46. hxg5
Bxg5 47. Kc2 Bxe3 48. Nd3 a3 49. Kb3 Bd2 50. Kxa3 Kc4 51. Nc5 e5 52. Nb3 Bxc3
0-1

[Event "Fredericia Chess 2023 IM"]
[Site "Fredericia"]
[Date "2023.05.18"]
[Round "3.3"]
[White "Loftgaard, Mikkel Vinh"]
[Black "Van Foreest, Machteld"]
[Result "1-0"]
[WhiteElo "2258"]
[BlackElo "2299"]
[PlyCount "125"]
[EventDate "2023.05.17"]
[EventType "tourn"]
[EventRounds "9"]
[EventCountry "DEN"]
[SourceTitle "Live"]

1. e4 e5 2. Nf3 Nc6 3. Bc4 Bc5 4. c3 Nf6 5. d3 d6 6. O-O O-O 7. h3 a6 8. a4 Ba7
9. b4 Ne7 10. Nbd2 Ng6 11. Re1 b5 12. Bb3 Nf4 13. Nf1 N6h5 14. axb5 Qf6 15. d4
axb5 16. Kh2 Be6 17. Be3 Bxb3 18. Qxb3 Qg6 19. Ng3 Nxg3 20. fxg3 Nh5 21. g4 Nf6
22. Rxa7 Rxa7 23. dxe5 Nxg4+ 24. hxg4 Ra6 25. g5 dxe5 26. Qd5 Re6 27. Qxb5 Qxe4
28. Kg1 Qg4 29. Nxe5 Qg3 30. Nf3 Rfe8 31. Kf1 Qd6 32. Bf2 Rxe1+ 33. Bxe1 c6 34.
Qc4 h6 35. gxh6 Qxh6 36. Qd4 Qh1+ 37. Kf2 Qh6 38. c4 Qg6 39. Bc3 Qc2+ 40. Qd2
Qb3 41. Qb2 Qxc4 42. Bxg7 Ra8 43. Qd4 Ra2+ 44. Kg3 Qf1 45. Nh4 Qe1+ 46. Kh2 Re2
47. Bf6 Re4 48. Qd8+ Re8 49. Qd6 Qf2 50. Nf3 Qc2 51. Qg3+ Qg6 52. Qxg6+ fxg6
53. Bd4 Re6 54. Kg3 Rd6 55. Kf4 Kf7 56. g4 Ke6 57. Kg5 Kd5 58. Bc5 Re6 59. Nh4
Ke4 60. Nxg6 Kf3 61. Kf5 Re2 62. Ne5+ Kg3 63. g5 1-0

[Event "Fredericia Chess 2023 IM"]
[Site "Fredericia"]
[Date "2023.05.18"]
[Round "3.4"]
[White "Larkin, Vladislav"]
[Black "Brynell, Stellan"]
[Result "1-0"]
[WhiteElo "2468"]
[BlackElo "2403"]
[PlyCount "106"]
[EventDate "2023.05.17"]
[EventType "tourn"]
[EventRounds "9"]
[EventCountry "DEN"]
[SourceTitle "Live"]

1. d4 Nf6 2. Bf4 e6 3. e3 b6 4. Nf3 Bb7 5. Nbd2 Be7 6. h3 O-O 7. Bd3 c5 8. c3
cxd4 9. exd4 d6 10. O-O Nbd7 11. Qe2 a6 12. a4 Re8 13. Bh2 Nf8 14. a5 b5 15. c4
bxc4 16. Nxc4 Nd5 17. Be4 Ra7 18. Rfc1 Ng6 19. Bxd5 Bxd5 20. Nb6 Bb7 21. Rc3
Bf8 22. Rac1 Ne7 23. Ng5 h6 24. Nxe6 Nd5 25. Nxd8 Rxe2 26. R3c2 Re4 27. Nxb7
Nxb6 28. Nxd6 Bxd6 29. Bxd6 Nd5 30. Rc5 Nf6 31. b4 Kh7 32. Rc6 Re6 33. Be5 Nd5
34. Rxe6 fxe6 35. Rc6 Nxb4 36. Rxe6 Kg8 37. f4 Kf7 38. f5 Nd5 39. Rg6 Kf8 40.
Rd6 Ne3 41. f6 g5 42. Rd8+ Kf7 43. Rh8 Ke6 44. Rxh6 Rf7 45. Rh8 Kf5 46. Ra8 Rb7
47. Kf2 Nd5 48. Rxa6 Rb2+ 49. Kg1 Ke4 50. f7 Rb1+ 51. Kh2 Rf1 52. Ra7 Ne3 53.
Bd6 Kd5 1-0

[Event "Fredericia Chess 2023 IM"]
[Site "Fredericia"]
[Date "2023.05.18"]
[Round "3.5"]
[White "Nilssen, Ellen Fredericia"]
[Black "Ramsdal, Jens Albert"]
[Result "0-1"]
[WhiteElo "2114"]
[BlackElo "2366"]
[PlyCount "82"]
[EventDate "2023.05.17"]
[EventType "tourn"]
[EventRounds "9"]
[EventCountry "DEN"]
[SourceTitle "Live"]

1. e4 c5 2. Nf3 Nc6 3. Bb5 g6 4. O-O Bg7 5. c3 Nf6 6. Re1 O-O 7. d4 d5 8. e5
Ne4 9. Bxc6 bxc6 10. Be3 Rb8 11. b3 Qc7 12. Qc1 Qa5 13. dxc5 Rxb3 14. axb3 Qxa1
15. b4 Bd7 16. Bd4 Qa4 17. Nbd2 Nxd2 18. Qxd2 a5 19. h4 Bg4 20. Ng5 h6 21. e6
f6 22. Nh3 Bxh3 23. gxh3 axb4 24. cxb4 Qb3 25. Kh2 Rb8 26. Bc3 Qc4 27. Rg1 Qe4
28. Rg4 Qf5 29. Qe3 h5 30. Rg1 Kh7 31. Bd2 Rb7 32. Ra1 d4 33. Qxd4 Qxe6 34. Qe3
Qd5 35. Ra8 Rd7 36. Qg3 f5 37. Bc1 Qe4 38. Qe3 Be5+ 39. f4 Bxf4+ 40. Qxf4 Qe2+
41. Kg3 Rd3+ 0-1

[Event "Fredericia Chess 2023 IM"]
[Site "Fredericia"]
[Date "2023.05.19"]
[Round "4.1"]
[White "Fries Nielsen, Jens Ove"]
[Black "Loftgaard, Mikkel Vinh"]
[Result "1/2-1/2"]
[WhiteElo "2377"]
[BlackElo "2258"]
[PlyCount "61"]
[EventDate "2023.05.17"]
[EventType "tourn"]
[EventRounds "9"]
[EventCountry "DEN"]
[SourceTitle "Live"]

1. d4 Nf6 2. Nd2 d5 3. Nb3 Bf5 4. Nf3 e6 5. Nh4 Be4 6. f3 Bg6 7. g3 Nbd7 8. Bg2
c5 9. Nxg6 hxg6 10. e4 cxd4 11. Qxd4 Qc7 12. exd5 Nxd5 13. O-O Nc5 14. f4 Nxb3
15. Qa4+ Qc6 16. Qxc6+ bxc6 17. axb3 Bc5+ 18. Kh1 Ke7 19. Bd2 Nf6 20. Bf3 Rab8
21. b4 Rhd8 22. Bc3 Bxb4 23. Be5 Bd6 24. Rxa7+ Rd7 25. Bxd6+ Kxd6 26. Rd1+ Nd5
27. Rxd7+ Kxd7 28. c4 Rxb2 29. cxd5 exd5 30. Bxd5 cxd5 31. Rxd5+ 1/2-1/2

[Event "Fredericia Chess 2023 IM"]
[Site "Fredericia"]
[Date "2023.05.19"]
[Round "4.2"]
[White "Nielsen, Viktor Haarmark"]
[Black "Toktomushev, Teimur"]
[Result "1-0"]
[WhiteElo "2328"]
[BlackElo "2239"]
[PlyCount "75"]
[EventDate "2023.05.17"]
[EventType "tourn"]
[EventRounds "9"]
[EventCountry "DEN"]
[SourceTitle "Live"]

1. d4 d5 2. c4 e6 3. Nf3 Nf6 4. g3 Be7 5. Bg2 O-O 6. O-O c6 7. Nc3 a5 8. Ne5
Nfd7 9. Nxd7 Nxd7 10. Qd3 b6 11. b3 Ba6 12. Rd1 c5 13. dxc5 Bxc5 14. Bb2 Ra7
15. Nb5 Bxb5 16. cxb5 Qg5 17. a3 Ne5 18. Qd2 Qf6 19. Rf1 a4 20. b4 Nc4 21. Bxf6
Nxd2 22. Bc3 Nxf1 23. bxc5 bxc5 24. Bxf1 Rb7 25. e4 c4 26. exd5 exd5 27. Rb1
Rfb8 28. Rb4 Rxb5 29. Rxa4 Rb1 30. Ra5 Rd8 31. Kg2 h6 32. Rc5 d4 33. Ba5 Rd7
34. Bxc4 d3 35. Bd5 Rb2 36. Rc8+ Kh7 37. Be4+ g6 38. Bc3 1-0

[Event "Fredericia Chess 2023 IM"]
[Site "Fredericia"]
[Date "2023.05.19"]
[Round "4.3"]
[White "Van Foreest, Machteld"]
[Black "Larkin, Vladislav"]
[Result "0-1"]
[WhiteElo "2299"]
[BlackElo "2468"]
[PlyCount "90"]
[EventDate "2023.05.17"]
[EventType "tourn"]
[EventRounds "9"]
[EventCountry "DEN"]
[SourceTitle "Live"]

1. c4 e5 2. e3 Nf6 3. Nc3 Bb4 4. Nge2 c5 5. Qc2 O-O 6. a3 Bxc3 7. Nxc3 d5 8.
cxd5 Nxd5 9. Bd3 Nxc3 10. dxc3 f5 11. b3 Be6 12. c4 Nc6 13. Bb2 a5 14. g4 e4
15. Qc3 Qe7 16. gxf5 Bxf5 17. Rg1 Bg6 18. Be2 Rad8 19. h4 Rf7 20. Rg5 Rf5 21.
Rxf5 Bxf5 22. Rd1 Rf8 23. Rd5 Rf7 24. Kd1 Kf8 25. h5 h6 26. Kc1 Be6 27. Rd1
Rxf2 28. Qe1 Qf7 29. Kb1 Kg8 30. Ka2 a4 31. Rd6 axb3+ 32. Ka1 Bg4 33. Bxg4 Rf1
34. Qxf1 Qxf1+ 35. Rd1 Qxc4 36. Rc1 Qd5 37. Rd1 Qg5 38. Be6+ Kf8 39. Bxb3 Qxe3
40. Rf1+ Ke7 41. Rf7+ Kd6 42. Ba4 b5 43. Bxb5 Qb3 44. Rb7 Qd1+ 45. Ka2 Nb4+ 0-1

[Event "Fredericia Chess 2023 IM"]
[Site "Fredericia"]
[Date "2023.05.19"]
[Round "4.4"]
[White "Brynell, Stellan"]
[Black "Nilssen, Ellen Fredericia"]
[Result "1/2-1/2"]
[WhiteElo "2403"]
[BlackElo "2114"]
[PlyCount "61"]
[EventDate "2023.05.17"]
[EventType "tourn"]
[EventRounds "9"]
[EventCountry "DEN"]
[SourceTitle "Live"]

1. Nf3 d5 2. d4 Nf6 3. c4 e6 4. Bg5 h6 5. Bxf6 Qxf6 6. Nc3 c6 7. g3 Nd7 8. Bg2
Bb4 9. O-O Bxc3 10. bxc3 dxc4 11. Nd2 O-O 12. f4 c5 13. Nxc4 Rb8 14. e4 Qe7 15.
e5 cxd4 16. cxd4 Rd8 17. Qb3 Nf8 18. Nd6 Rxd6 19. exd6 Qxd6 20. Rfd1 b6 21.
Rac1 Bb7 22. Bxb7 Rxb7 23. Qf3 Rd7 24. Rc8 Kh7 25. Qe4+ Ng6 26. h4 f5 27. Qf3
Ne7 28. Rc2 Nd5 29. Rc8 Ne7 30. Re8 Nd5 31. Rc8 1/2-1/2

[Event "Fredericia Chess 2023 IM"]
[Site "Fredericia"]
[Date "2023.05.19"]
[Round "4.5"]
[White "Kistrup, Nicolai"]
[Black "Ramsdal, Jens Albert"]
[Result "0-1"]
[WhiteElo "2319"]
[BlackElo "2366"]
[PlyCount "72"]
[EventDate "2023.05.17"]
[EventType "tourn"]
[EventRounds "9"]
[EventCountry "DEN"]
[SourceTitle "Live"]

1. d4 e6 2. e4 d5 3. Nc3 Bb4 4. e5 c5 5. a3 Bxc3+ 6. bxc3 Ne7 7. Qg4 Qc7 8. Bd3
cxd4 9. Ne2 dxc3 10. Qxg7 Rg8 11. Qxh7 Nbc6 12. f4 Bd7 13. Be3 O-O-O 14. Qxf7
Rdf8 15. Qh5 d4 16. Bf2 Rxg2 17. Bg3 Nd5 18. Be4 Ne3 19. Bf2 d3 20. cxd3 Nc2+
21. Kf1 Rxf2+ 22. Kxf2 Qb6+ 23. Kg2 Nxa1 24. Rxa1 Qb2 25. Rf1 c2 26. Nc1 Nd4
27. Kh3 Qxa3 28. Qh6 Rg8 29. Bh7 Rd8 30. Be4 b5 31. Qg7 Qf8 32. Qxf8 Rxf8 33.
Kg3 b4 34. Rf2 Rg8+ 35. Kh3 Rg1 36. Nb3 Ba4 0-1

[Event "Fredericia Chess 2023 IM"]
[Site "Fredericia"]
[Date "2023.05.19"]
[Round "5.1"]
[White "Nilssen, Ellen Fredericia"]
[Black "Van Foreest, Machteld"]
[Result "0-1"]
[WhiteElo "2114"]
[BlackElo "2299"]
[PlyCount "68"]
[EventDate "2023.05.17"]
[EventType "tourn"]
[EventRounds "9"]
[EventCountry "DEN"]
[SourceTitle "Live"]

1. e4 c5 2. Nf3 e6 3. g3 Nc6 4. Bg2 Nf6 5. Qe2 Be7 6. e5 Nd5 7. O-O d6 8. exd6
Qxd6 9. Nc3 O-O 10. Rd1 Rd8 11. d4 cxd4 12. Ne4 Qb4 13. c3 dxc3 14. bxc3 Qa4
15. c4 f5 16. Neg5 Bf6 17. Bb2 Be5 18. Bc3 Bxc3 19. Qc2 Bb2 20. Qxb2 Qxc4 21.
Rac1 Qb4 22. Qe2 Qe7 23. Re1 Re8 24. Qc4 Bd7 25. Qb3 h6 26. Nxe6 Bxe6 27. Rxe6
Qxe6 28. Ng5 Nd4 29. Qxb7 Rab8 30. Nxe6 Ne2+ 31. Kf1 Rxb7 32. Re1 Rb5 33. Bxd5
Rxd5 34. Nc7 Nxg3+ 0-1

[Event "Fredericia Chess 2023 IM"]
[Site "Fredericia"]
[Date "2023.05.19"]
[Round "5.2"]
[White "Toktomushev, Teimur"]
[Black "Kistrup, Nicolai"]
[Result "1/2-1/2"]
[WhiteElo "2239"]
[BlackElo "2319"]
[PlyCount "65"]
[EventDate "2023.05.17"]
[EventType "tourn"]
[EventRounds "9"]
[EventCountry "DEN"]
[SourceTitle "Live"]

1. d4 Nf6 2. c4 e6 3. Nf3 d5 4. Nc3 c5 5. cxd5 Nxd5 6. e4 Nxc3 7. bxc3 cxd4 8.
cxd4 Bb4+ 9. Bd2 Bxd2+ 10. Qxd2 O-O 11. Bc4 Nd7 12. O-O b6 13. Rfe1 Bb7 14.
Rad1 Nf6 15. d5 exd5 16. exd5 Qd6 17. Nd4 g6 18. Nb5 Qc5 19. Qd4 Qxd4 20. Rxd4
Rfe8 21. Red1 Re4 22. f3 Rxd4 23. Rxd4 Rd8 24. Nxa7 Nxd5 25. Bxd5 Rxd5 26. Rxd5
Bxd5 27. a3 Bb7 28. Kf2 Kf8 29. Ke3 Ke7 30. Kd4 Kd7 31. Nb5 f6 32. Nc3 Kd6 33.
Nb5+ 1/2-1/2